Southville International School and Colleges
Your cart is empty.
  • Cart
  • Lists
    Public lists Eva Luna New books Lux_list list_1
    Your lists Log in to create your own lists
  • Log in to your account
  • Your cookies
  • Search history
Southville International School and Colleges
  • Advanced search
  • Recent comments
  • Most popular
  • Libraries

Log in to your account

Log in with GOOGLE


If you do not have an external account, but do have a local account, you can still log in:

  1. Home
  2. MARC view: Red-eyed Tree Frog
Normal view MARC view ISBD view

Red-eyed Tree Frog (Record no. 33446)

[ view plain ]
MARC details
000 -LEADER
fixed length control field 00731nam a22002537a 4500
003 - CONTROL NUMBER IDENTIFIER
control field OSt
005 - DATE AND TIME OF LATEST TRANSACTION
control field 20140310184300.0
008 - FIXED-LENGTH DATA ELEMENTS--GENERAL INFORMATION
fixed length control field 121110t xxu||||| |||| 00| 0 eng d
020 ## - INTERNATIONAL STANDARD BOOK NUMBER
International Standard Book Number 0590871765
050 ## - LIBRARY OF CONGRESS CALL NUMBER
Classification number QL 668
Item number .C875 1999
100 ## - MAIN ENTRY--PERSONAL NAME
Personal name Cowley, Joy.
9 (RLIN) 23015
245 ## - TITLE STATEMENT
Title Red-eyed Tree Frog
Statement of responsibility, etc Story by Joy Cowley; Illustrated with photographs by Nic Bishop
260 ## - PUBLICATION, DISTRIBUTION, ETC. (IMPRINT)
Place of publication, distribution, etc New York, NY;
Name of publisher, distributor, etc Scholastic Inc.,
Date of publication, distribution, etc 1999.
300 ## - PHYSICAL DESCRIPTION
Extent 32 p. :
Other physical details ill.: col. ;
Dimensions 21 cm.
521 ## - TARGET AUDIENCE NOTE
Target audience note
526 ## - STUDY PROGRAM INFORMATION NOTE
Reading level 350
541 ## - IMMEDIATE SOURCE OF ACQUISITION NOTE
-- 1
541 ## - IMMEDIATE SOURCE OF ACQUISITION NOTE
-- 1
562 ## - COPY AND VERSION IDENTIFICATION NOTE
Number of copies 2
650 ## - SUBJECT ADDED ENTRY--TOPICAL TERM
Topical term or geographic name as entry element Hylidae
General subdivision Juvenile literature.
Geographic subdivision Central America
9 (RLIN) 23016
650 ## - SUBJECT ADDED ENTRY--TOPICAL TERM
Topical term or geographic name as entry element Tree frogs.
9 (RLIN) 23017
650 ## - SUBJECT ADDED ENTRY--TOPICAL TERM
Topical term or geographic name as entry element Frogs.
9 (RLIN) 20806
942 ## - ADDED ENTRY ELEMENTS (KOHA)
Source of classification or shelving scheme Library of Congress Classification
Koha item type
Holdings
Withdrawn status Lost status Source of classification or shelving scheme Damaged status Home library Current library Shelving location Date acquired Total Checkouts Full call number Barcode Date last seen Copy number Price effective from Koha item type
    Library of Congress Classification   Luxembourg Library Luxembourg Library Scholastic Reading Center Section 10/02/2013   QL 668 .C875 1999 LEX0466 04/18/2017 1 10/02/2013 Books
    Library of Congress Classification   Luxembourg Library Luxembourg Library Scholastic Reading Center Section 10/02/2013   QL 668 .C875 1999 LEX0467 04/18/2017 2 10/02/2013 Books

Red-eyed Tree Frog

APA

Cowley J., . (1999). Red-eyed Tree Frog. New York, NY: Scholastic Inc.

Chicago

Cowley Joy, . 1999. Red-eyed Tree Frog. New York, NY: Scholastic Inc.

Harvard

Cowley J., . (1999). Red-eyed Tree Frog. New York, NY: Scholastic Inc.

MLA

Cowley Joy, . Red-eyed Tree Frog. New York, NY: Scholastic Inc. 1999.

  • Place hold
  • Print
  • Cite
  • Add to your cart (remove)
  • Save record
    BIBTEX Dublin Core MARCXML MARC (non-Unicode/MARC-8) MARC (Unicode/UTF-8) MARC (Unicode/UTF-8, Standard) MODS (XML) RIS
  • More searches
    Search for this title in:
    Other Libraries (WorldCat) Other Databases (Google Scholar) Online Stores (Bookfinder.com) Open Library (openlibrary.org)

Exporting to Dublin Core...

SOUTHVILLE LIBRARY

Southville International School and Colleges Library

1281 Tropical Ave. Cor. Luxembourg St., BF Homes International, Las Pinas City

Tel. No. 8256374 / 252358 Loc. 117/146

Powered by Koha